000 00381nam a2200157Ia 4500
008 230711s9999||||xx |||||||||||||| ||und||
041 _aENG
082 _a720
_bHA-E
100 _aHart,Sara
245 0 _aEco Architecture the work of ken yeang
250 _a1st Ed.
260 _c2011
_aNew Jersey
_bJohn Wiley & Sons.Inc
300 _a272
650 _aArchitecture
942 _cBK
999 _c5406
_d5406